000 01230nam a2200289 i 4500
003 EG-GICUC
005 20260512125255.0
008 260512s1951 be ||||fr|||| 00| 0 fre d
040 _aEG-GiCUC
_bfre
_cEG-GiCUC
_dEG-GiCUC
_eRda
082 0 4 _221
_a345.2
_bIN . A
092 0 4 _221
099 _aLaw1 07 345.2 IN . A 1951
111 _aL'institut International Des Sciences Administratives Avec La Collaboration De L'unesco
245 1 3 _aL'administration Nationale Dans SES Relations Avec Les Organisations Internationales :
_bConclusions D'une Enquête Effectuée Dans Quatorze Etats /
_cL'institut International Des Sciences Administratives Avec La Collaboration De L'unesco.
_n
264 1 _aBruxelles :
_bPublié Sous Les Auspices Et Avec Le Concours Financier De L'u.ne.s.co.,
_c1951.
300 _a92page :
_billustration ;
_c 24 cm.
336 _2rda contenu
_a texte
337 _2rda medias
_aOrdinateur
338 _2 transporteur rda
_a Ressource en ligne
504 _aBibliography: pages 200-250. 240-220
546 _aTexte en français
650 1 4 _aDroit administratif
_2
651 1 _2
856 4 0 _uhttps://fll.law.cu.edu.eg/fulltext/bks/B07-05397.pdf
905 _a50
942 _2ddc
_cBK
_e21
_n0
999 _c76665
_d76665